| 000 | 00509nam a22001817a 4500 | ||
|---|---|---|---|
| 003 | CEME | ||
| 005 | 20210628210515.0 | ||
| 008 | 210209b xxu||||| |||| 00| 0 eng d | ||
| 020 | _a0-256-12402-7 | ||
| 040 | _c. | ||
| 082 | _a604. BER | ||
| 100 |
_aBertoline, Gary R Miller, Craig L Nasman, Leonard O _956358 |
||
| 245 | _aFundamentals of graphics communications | ||
| 260 |
_aBOSTON _bIRWIN _c1996 |
||
| 300 | _a600P | ||
| 650 |
_aENGINEERING GRAPHICS GRAPHICS COMMUNICATIONS _979688 |
||
| 942 |
_cBK _2ddc |
||
| 999 |
_c584694 _d584694 |
||